000 00650cam a2200181 i 4500
005 20251120115904.0
008 250721s2002 ua gr 000 0 ara d
020 _a9772153491
082 1 4 _a211.128
_bع ا ش
100 1 _aعاشور، السعيد
_eمؤلف.
245 1 2 _aالإنسان فى القرآن الكريم :
_bدينى -علمى -طبى -تربوى /
_cالأستاذ الدكتور السعيد عاشور.
264 3 1 _aالقاهرة :
_bدار غريب للنشر،
_c2002.
300 _a646 صفحة.
650 1 7 _aالقرآن الكريم.
650 1 7 _aالإنسان.
942 _2ddc
_cBK
999 _c94288
_d94288